00836nam a22002417a 450000500170000001000130001702000230003003500130005303700160006604000120008208200150009410000290010924500670013826000430020527000460024830000260029450000510032065000230037165000310039494200240042599900190044995201260046820170124110144.0 aB-031003 c350.00a8170997712 aB-031003 bCen Lib/Ret aDPLbEN a181.4bKAR aKar, Bijayananda 933019 aValue perspectives in indian philosophy /cby Bijayananda Kar  aNew Delhi bMittal Publications c2000 bNew Delhi aA-110, mohan garden e110059 aviii, 159p.c21cm(Hb) aIncludes bibliographical references and index  aPhilosophy 933020 aIndian reflectives 933021 2ddccENh181.4mKAR c131860d131860 00104070aLbLd2015-07-16eCen Lib/Retg350.00l0o181.4 KARpB-031003r2015-07-16 00:00:00t1v350.00w2015-07-16yEN